000 00709nam a2200241Ia 4500
003 OSt
005 20220928123928.0
006 a|||||r|||| 00| 0
007 ta
008 220927b |||||||| |||| 00| 0 eng d
024 _a205
037 _cTextual
040 _aSDCL
_cSDCL
_beng
041 _2eng
_aeng
082 _aX:8:(S:44), P6
100 _aGardner Howard
_9442685
245 0 _aChanging minds
_bThe arts and science of changing our own and other people's minds
260 _aBoston
_bHarvard Business School Press
_c2006
300 _axv,244p
_ccm.
650 _aOrganisation Behaviour
942 _hX:8:(S:44), P6
_cTEXL
_2CC
999 _c775361
_d775361